[Event "WCO2014"]
[Site "Tromso"]
[Date "2014.08.09"]
[Round "7.44"]
[WhiteID "14508150"]
[White "Saric Ivan"]
[BlackID "1207822"]
[Black "Lupulescu Constantin"]
[Result "1/2-1/2"]
[LiveChessVersion "1.4.3"]
[BlackElo "2625"]
[WhiteElo "2671"]

1. e4 {[%clk 1:30:58]} c6 {[%clk 1:30:49]} 2. d4 {[%clk 1:31:22]} d5
{[%clk 1:31:14]} 3. e5 {[%clk 1:31:39]} Bf5 {[%clk 1:31:38]} 4. h4
{[%clk 1:32:04]} h5 {[%clk 1:32:00]} 5. Bd3 {[%clk 1:32:10]} Bxd3
{[%clk 1:32:21]} 6. Qxd3 {[%clk 1:32:37]} e6 {[%clk 1:32:45]} 7. Bg5
{[%clk 1:33:04]} Qb6 {[%clk 1:33:07]} 8. Nd2 {[%clk 1:33:20]} c5 {[%clk 1:33:26]}
9. c4 {[%clk 1:33:38]} Qxb2 {[%clk 1:33:26]} 10. Rb1 {[%clk 1:34:03]} Qxd4
{[%clk 1:33:50]} 11. Qa3 {[%clk 1:31:25]} Qxe5+ {[%clk 1:31:02]} 12. Ne2
{[%clk 1:31:49]} Qc7 {[%clk 1:27:35]} 13. cxd5 {[%clk 1:30:17]} exd5
{[%clk 1:22:18]} 14. Nc3 {[%clk 1:24:09]} Qd7 {[%clk 1:12:48]} 15. O-O
{[%clk 1:22:25]} Be7 {[%clk 1:10:44]} 16. Rfe1 {[%clk 1:16:54]} Kf8
{[%clk 0:57:48]} 17. Re5 {[%clk 0:44:07]} Nc6 {[%clk 0:42:09]} 18. Rxd5
{[%clk 0:44:23]} Qc8 {[%clk 0:41:58]} 19. Nde4 {[%clk 0:31:48]} b6
{[%clk 0:40:39]} 20. Rbd1 {[%clk 0:31:15]} Nd4 {[%clk 0:33:25]} 21. Qa4
{[%clk 0:25:25]} Nf6 {[%clk 0:27:46]} 22. Re5 {[%clk 0:20:21]} Qc7
{[%clk 0:23:57]} 23. Bf4 {[%clk 0:18:59]} Nxe4 {[%clk 0:21:59]} 24. Rxe4
{[%clk 0:18:26]} Qb7 {[%clk 0:17:31]} 25. Rde1 {[%clk 0:18:46]} Ne6
{[%clk 0:17:07]} 26. Nb5 {[%clk 0:15:55]} Rd8 {[%clk 0:13:04]} 27. Rxe6
{[%clk 0:15:07]} fxe6 {[%clk 0:12:49]} 28. Nc7 {[%clk 0:15:33]} b5
{[%clk 0:07:44]} 29. Qc2 {[%clk 0:14:09]} Kf7 {[%clk 0:08:01]} 30. Rxe6
{[%clk 0:11:00]} Bf6 {[%clk 0:08:20]} 31. Qxc5 {[%clk 0:10:46]} Rd7
{[%clk 0:06:33]} 32. Rc6 {[%clk 0:10:15]} Rhd8 {[%clk 0:04:06]} 33. Bd6
{[%clk 0:04:17]} Kg8 {[%clk 0:03:22]} 34. g3 {[%clk 0:03:19]} Rf7
{[%clk 0:03:02]} 35. Ne6 {[%clk 0:02:58]} Re8 {[%clk 0:02:54]} 36. Bf4
{[%clk 0:02:05]} Qd7 {[%clk 0:01:20]} 37. Rd6 {[%clk 0:02:19]} Qc8
{[%clk 0:01:37]} 38. Rc6 {[%clk 0:02:28]} Qd7 {[%clk 0:02:00]} 39. Rd6
{[%clk 0:02:54]} Qc8 {[%clk 0:01:21]} 40. Rc6 {[%clk 0:03:14]} Qd7
{[%clk 0:00:58]} 1/2-1/2

[Event "WCO2014"]
[Site "Tromso"]
[Date "2014.08.09"]
[Round "7.43"]
[WhiteID "1204297"]
[White "Parligras Mircea-Emilian"]
[BlackID "14502569"]
[Black "Stevic Hrvoje"]
[Result "1/2-1/2"]
[LiveChessVersion "1.4.3"]
[BlackElo "2606"]
[WhiteElo "2574"]

1. d4 {[%clk 1:30:56]} d5 {[%clk 1:30:52]} 2. c4 {[%clk 1:31:11]} dxc4
{[%clk 1:31:14]} 3. e4 {[%clk 1:31:27]} e5 {[%clk 1:31:31]} 4. Nf3
{[%clk 1:31:33]} Bb4+ {[%clk 1:31:48]} 5. Nc3 {[%clk 1:31:37]} exd4
{[%clk 1:32:06]} 6. Nxd4 {[%clk 1:31:50]} Ne7 {[%clk 1:32:16]} 7. a3
{[%clk 1:31:56]} Nbc6 {[%clk 1:31:26]} 8. axb4 {[%clk 1:32:04]} Qxd4
{[%clk 1:31:24]} 9. Be3 {[%clk 1:32:09]} Qxd1+ {[%clk 1:30:55]} 10. Rxd1
{[%clk 1:32:30]} Nxb4 {[%clk 1:11:05]} 11. Nb5 {[%clk 1:32:39]} Na6
{[%clk 1:09:24]} 12. Bxc4 {[%clk 1:31:59]} Nc6 {[%clk 0:56:28]} 13. Bf4
{[%clk 1:28:08]} O-O {[%clk 0:56:25]} 14. Nxc7 {[%clk 1:15:49]} Nxc7
{[%clk 0:56:39]} 15. Bxc7 {[%clk 1:16:13]} Re8 {[%clk 0:55:11]} 16. f3
{[%clk 1:15:58]} Be6 {[%clk 0:55:34]} 17. Bxe6 {[%clk 1:11:13]} Rxe6
{[%clk 0:55:30]} 18. Kf2 {[%clk 1:11:24]} Rc8 {[%clk 0:45:18]} 19. Rd7
{[%clk 1:05:48]} Re7 {[%clk 0:43:17]} 20. Rhd1 {[%clk 1:04:58]} f6
{[%clk 0:43:25]} 21. Rxe7 {[%clk 1:04:43]} Nxe7 {[%clk 0:43:50]} 22. Rd7
{[%clk 1:00:05]} Ng6 {[%clk 0:43:41]} 23. Ba5 {[%clk 0:49:42]} Rc2+
{[%clk 0:41:41]} 24. Rd2 {[%clk 0:50:06]} Rxd2+ {[%clk 0:41:03]} 25. Bxd2
{[%clk 0:50:30]} Ne5 {[%clk 0:36:10]} 26. Bc3 {[%clk 0:46:54]} Nc6
{[%clk 0:36:11]} 27. g4 {[%clk 0:39:39]} a5 {[%clk 0:34:52]} 28. b3
{[%clk 0:39:39]} Kf7 {[%clk 0:34:51]} 29. f4 {[%clk 0:39:03]} b5 {[%clk 0:34:32]}
30. Ke3 {[%clk 0:37:11]} g6 {[%clk 0:28:01]} 31. f5 {[%clk 0:35:22]} gxf5
{[%clk 0:22:50]} 1/2-1/2

[Event "WCO2014"]
[Site "Tromso"]
[Date "2014.08.09"]
[Round "7.42"]
[WhiteID "14502879"]
[White "Kozul Zdenko"]
[BlackID "1208110"]
[Black "Jianu Vlad-Cristian"]
[Result "1/2-1/2"]
[LiveChessVersion "1.4.3"]
[BlackElo "2579"]
[WhiteElo "2608"]

1. d4 {[%clk 1:30:54]} Nf6 {[%clk 1:30:47]} 2. Nf3 {[%clk 1:31:04]} e6
{[%clk 1:30:39]} 3. c4 {[%clk 1:31:22]} d5 {[%clk 1:30:59]} 4. Nc3
{[%clk 1:29:21]} c5 {[%clk 1:26:05]} 5. cxd5 {[%clk 1:29:06]} Nxd5
{[%clk 1:26:29]} 6. e4 {[%clk 1:24:26]} Nxc3 {[%clk 1:26:50]} 7. bxc3
{[%clk 1:24:50]} cxd4 {[%clk 1:27:16]} 8. cxd4 {[%clk 1:25:14]} Bb4+
{[%clk 1:27:41]} 9. Bd2 {[%clk 1:25:37]} Bxd2+ {[%clk 1:28:06]} 10. Qxd2
{[%clk 1:26:00]} O-O {[%clk 1:28:29]} 11. Rc1 {[%clk 1:22:28]} b6
{[%clk 1:23:43]} 12. Bd3 {[%clk 1:19:44]} Bb7 {[%clk 1:24:02]} 13. O-O
{[%clk 1:19:55]} Nd7 {[%clk 1:22:59]} 14. Qf4 {[%clk 1:17:52]} h6
{[%clk 0:59:50]} 15. h3 {[%clk 0:47:42]} Rc8 {[%clk 0:40:19]} 16. Rxc8
{[%clk 0:46:20]} Qxc8 {[%clk 0:40:12]} 17. Rc1 {[%clk 0:46:40]} Qb8
{[%clk 0:39:16]} 18. Qxb8 {[%clk 0:45:58]} Rxb8 {[%clk 0:39:42]} 19. Rc7
{[%clk 0:46:11]} Nf6 {[%clk 0:39:55]} 20. Ne5 {[%clk 0:45:20]} Bxe4
{[%clk 0:40:11]} 21. Bxe4 {[%clk 0:37:31]} Nxe4 {[%clk 0:40:36]} 22. Rxa7
{[%clk 0:37:34]} Rd8 {[%clk 0:35:41]} 23. Rxf7 {[%clk 0:27:17]} Rxd4
{[%clk 0:35:51]} 24. Rb7 {[%clk 0:27:24]} Rd1+ {[%clk 0:18:25]} 25. Kh2
{[%clk 0:27:47]} Rd2 {[%clk 0:16:13]} 26. a3 {[%clk 0:21:16]} Ra2
{[%clk 0:08:40]} 27. Rb8+ {[%clk 0:19:26]} Kh7 {[%clk 0:09:06]} 28. Nc4
{[%clk 0:19:52]} Nxf2 {[%clk 0:07:35]} 29. Rxb6 {[%clk 0:19:58]} Nd3
{[%clk 0:07:50]} 30. Rb3 {[%clk 0:17:13]} Nf4 {[%clk 0:06:02]} 31. Rb2
{[%clk 0:17:31]} Ra1 {[%clk 0:06:29]} 32. Kg3 {[%clk 0:17:32]} g5
{[%clk 0:05:14]} 33. Rc2 {[%clk 0:12:56]} Kg6 {[%clk 0:04:20]} 34. Kf3
{[%clk 0:13:19]} Kf5 {[%clk 0:03:28]} 35. g3 {[%clk 0:08:52]} Nxh3
{[%clk 0:01:05]} 36. Kg2 {[%clk 0:07:39]} g4 {[%clk 0:01:33]} 37. Ne3+
{[%clk 0:07:54]} Kg6 {[%clk 0:01:36]} 38. Nxg4 {[%clk 0:07:42]} Ng5
{[%clk 0:02:05]} 39. Ne5+ {[%clk 0:06:42]} Kf5 {[%clk 0:02:16]} 40. Nc4
{[%clk 0:06:54]} Ke4 {[%clk 0:02:10]} 41. Rd2 {[%clk 0:05:43]} h5
{[%clk 0:26:04]} 42. Nd6+ {[%clk 0:29:10]} Ke3 {[%clk 0:25:18]} 43. Nc4+
{[%clk 0:29:34]} 1/2-1/2

[Event "WCO2014"]
[Site "Tromso"]
[Date "2014.08.09"]
[Round "7.41"]
[WhiteID "1205730"]
[White "Nevednichy Vladislav"]
[BlackID "14500310"]
[Black "Zelcic Robert"]
[Result "1-0"]
[LiveChessVersion "1.4.3"]
[BlackElo "2548"]
[WhiteElo "2554"]

1. e4 {[%clk 1:30:57]} c6 {[%clk 1:30:55]} 2. d4 {[%clk 1:31:22]} d5
{[%clk 1:31:21]} 3. e5 {[%clk 1:31:48]} c5 {[%clk 1:31:46]} 4. Nf3
{[%clk 1:29:52]} Nc6 {[%clk 1:30:39]} 5. dxc5 {[%clk 1:28:50]} Bg4
{[%clk 1:31:01]} 6. c3 {[%clk 1:29:05]} e6 {[%clk 1:31:19]} 7. b4
{[%clk 1:28:49]} a6 {[%clk 1:31:30]} 8. Nbd2 {[%clk 1:16:01]} Nxe5
{[%clk 1:31:51]} 9. Qa4+ {[%clk 1:16:14]} Qd7 {[%clk 1:32:15]} 10. Qxd7+
{[%clk 1:16:36]} Nxd7 {[%clk 1:32:41]} 11. Bb2 {[%clk 1:09:20]} Bxf3
{[%clk 0:57:42]} 12. Nxf3 {[%clk 1:09:39]} Be7 {[%clk 0:58:07]} 13. Be2
{[%clk 0:58:00]} Bf6 {[%clk 0:57:58]} 14. O-O {[%clk 0:50:45]} Ne7
{[%clk 0:57:50]} 15. Rab1 {[%clk 0:42:45]} O-O {[%clk 0:56:38]} 16. c4
{[%clk 0:41:32]} a5 {[%clk 0:48:03]} 17. Bxf6 {[%clk 0:41:39]} gxf6
{[%clk 0:48:11]} 18. a3 {[%clk 0:41:36]} axb4 {[%clk 0:48:30]} 19. axb4
{[%clk 0:42:02]} Ra2 {[%clk 0:40:35]} 20. Rfe1 {[%clk 0:42:26]} Ne5
{[%clk 0:31:54]} 21. cxd5 {[%clk 0:38:29]} Nxf3+ {[%clk 0:30:10]} 22. Bxf3
{[%clk 0:38:49]} Nxd5 {[%clk 0:30:35]} 23. Bxd5 {[%clk 0:34:51]} exd5
{[%clk 0:31:00]} 24. Re7 {[%clk 0:34:57]} Rb8 {[%clk 0:31:27]} 25. g3
{[%clk 0:30:21]} Rd2 {[%clk 0:20:17]} 26. Rd7 {[%clk 0:26:21]} Rd4
{[%clk 0:16:43]} 27. Rd6 {[%clk 0:19:38]} Rc8 {[%clk 0:15:12]} 28. Rxf6
{[%clk 0:19:10]} Rc6 {[%clk 0:15:33]} 29. Rd6 {[%clk 0:14:59]} Rd2
{[%clk 0:06:49]} 30. Kg2 {[%clk 0:11:53]} Kf8 {[%clk 0:06:39]} 31. Kf3
{[%clk 0:09:03]} Rd4 {[%clk 0:06:53]} 32. Rd8+ {[%clk 0:07:01]} Kg7
{[%clk 0:07:09]} 33. Rb2 {[%clk 0:07:26]} Rf6+ {[%clk 0:05:05]} 34. Kg2
{[%clk 0:07:52]} b6 {[%clk 0:05:16]} 35. cxb6 {[%clk 0:06:22]} Rxb6
{[%clk 0:05:45]} 36. b5 {[%clk 0:06:47]} Rd1 {[%clk 0:06:06]} 37. Kf3
{[%clk 0:05:03]} Kf6 {[%clk 0:05:45]} 38. Ke2 {[%clk 0:04:36]} Rd4
{[%clk 0:06:10]} 39. Rb3 {[%clk 0:03:43]} Ke7 {[%clk 0:05:03]} 40. Ra8
{[%clk 0:03:29]} Re4+ {[%clk 0:05:05]} 41. Kf3 {[%clk 0:02:01]} Ree6
{[%clk 0:00:36]} 42. Ra7+ {[%clk 0:00:47]} Kf6 {[%clk 0:27:50]} 43. Kg2
{[%clk 0:26:32]} Kg6 {[%clk 0:27:39]} 44. Ra4 {[%clk 0:25:33]} h6
{[%clk 0:21:39]} 45. Rd4 {[%clk 0:23:34]} Red6 {[%clk 0:17:26]} 46. Kf3
{[%clk 0:23:56]} Kf6 {[%clk 0:14:20]} 47. Ke3 {[%clk 0:24:21]} Rd8
{[%clk 0:14:14]} 48. Rf4+ {[%clk 0:22:50]} Ke5 {[%clk 0:10:28]} 49. Rxf7
{[%clk 0:22:57]} d4+ {[%clk 0:10:54]} 50. Kd3 {[%clk 0:23:16]} Rd5
{[%clk 0:10:54]} 51. Re7+ {[%clk 0:22:06]} Kf5 {[%clk 0:10:59]} 52. Re4
{[%clk 0:22:07]} Rdxb5 {[%clk 0:10:54]} 53. Rxb5+ {[%clk 0:22:28]} Rxb5
{[%clk 0:11:20]} 54. Rxd4 {[%clk 0:22:48]} 1-0

[Event "WCO2014"]
[Site "Tromso"]
[Date "2014.08.09"]
[Round "7.13"]
[WhiteID "13300474"]
[White "Aronian Levon"]
[BlackID "703303"]
[Black "Leko Peter"]
[Result "1-0"]
[LiveChessVersion "1.4.3"]
[BlackElo "2740"]
[WhiteElo "2805"]

1. d4 {[%clk 1:30:57]} Nf6 {[%clk 1:30:53]} 2. c4 {[%clk 1:31:19]} e6
{[%clk 1:31:17]} 3. Nf3 {[%clk 1:31:43]} d5 {[%clk 1:31:41]} 4. Nc3
{[%clk 1:31:52]} c6 {[%clk 1:32:04]} 5. Bg5 {[%clk 1:31:10]} h6 {[%clk 1:32:26]}
6. Bxf6 {[%clk 1:31:27]} Qxf6 {[%clk 1:32:49]} 7. Qb3 {[%clk 1:31:38]} Nd7
{[%clk 1:30:39]} 8. e4 {[%clk 1:31:17]} dxe4 {[%clk 1:31:01]} 9. Nxe4
{[%clk 1:31:42]} Qf4 {[%clk 1:31:08]} 10. Bd3 {[%clk 1:32:07]} Be7
{[%clk 1:31:01]} 11. Bc2 {[%clk 1:29:11]} O-O {[%clk 1:04:19]} 12. O-O
{[%clk 1:17:20]} Rd8 {[%clk 0:50:02]} 13. Rad1 {[%clk 1:12:34]} b6
{[%clk 0:49:28]} 14. Rfe1 {[%clk 1:09:21]} Bb7 {[%clk 0:48:23]} 15. h4
{[%clk 1:04:04]} Qc7 {[%clk 0:32:56]} 16. Qe3 {[%clk 0:54:24]} c5
{[%clk 0:30:18]} 17. d5 {[%clk 0:51:32]} exd5 {[%clk 0:29:36]} 18. cxd5
{[%clk 0:40:58]} Nf8 {[%clk 0:29:40]} 19. Ng3 {[%clk 0:35:55]} Bf6
{[%clk 0:28:07]} 20. Be4 {[%clk 0:36:09]} Re8 {[%clk 0:11:34]} 21. d6
{[%clk 0:20:13]} Qd7 {[%clk 0:11:43]} 22. Qd2 {[%clk 0:19:24]} Ne6
{[%clk 0:07:50]} 23. Bxb7 {[%clk 0:13:40]} Qxb7 {[%clk 0:08:18]} 24. Nf5
{[%clk 0:13:48]} Red8 {[%clk 0:06:47]} 25. Re3 {[%clk 0:11:34]} h5
{[%clk 0:04:10]} 26. Qe2 {[%clk 0:10:05]} b5 {[%clk 0:03:40]} 27. Ng5
{[%clk 0:07:47]} Nf4 {[%clk 0:03:13]} 28. Qf1 {[%clk 0:08:11]} c4
{[%clk 0:00:58]} 29. g3 {[%clk 0:04:34]} Nd3 {[%clk 0:01:27]} 30. Rdxd3
{[%clk 0:04:02]} cxd3 {[%clk 0:01:55]} 31. Qxd3 {[%clk 0:04:12]} Bxg5
{[%clk 0:00:50]} 32. hxg5 {[%clk 0:04:37]} g6 {[%clk 0:00:42]} 33. Ne7+
{[%clk 0:04:49]} Kh7 {[%clk 0:01:00]} 34. Rf3 {[%clk 0:01:48]} Qxe7
{[%clk 0:00:57]} 35. dxe7 {[%clk 0:02:14]} Rxd3 {[%clk 0:01:22]} 36. Rxd3
{[%clk 0:02:42]} Re8 {[%clk 0:01:43]} 37. Rd7 {[%clk 0:02:00]} a5
{[%clk 0:01:22]} 38. Kg2 {[%clk 0:02:12]} Kg7 {[%clk 0:01:45]} 39. Kh3
{[%clk 0:02:25]} f5 {[%clk 0:00:40]} 40. gxf6+ {[%clk 0:02:51]} Kxf6
{[%clk 0:01:08]} 41. Kh4 {[%clk 0:03:16]} a4 {[%clk 0:16:23]} 42. a3
{[%clk 0:34:34]} Kf7 {[%clk 0:13:05]} 43. f4 {[%clk 0:34:38]} Kf6
{[%clk 0:13:02]} 44. Rb7 {[%clk 0:34:56]} Ra8 {[%clk 0:10:53]} 45. Rb6+
{[%clk 0:33:16]} Kxe7 {[%clk 0:08:42]} 46. Rxg6 {[%clk 0:33:41]} Rd8
{[%clk 0:08:48]} 47. Rg5 {[%clk 0:33:45]} b4 {[%clk 0:08:45]} 48. Ra5
{[%clk 0:32:36]} Rd2 {[%clk 0:06:21]} 49. Rxa4 {[%clk 0:32:19]} bxa3
{[%clk 0:06:31]} 50. Rxa3 {[%clk 0:32:17]} 1-0

[Event "WCO2014"]
[Site "Tromso"]
[Date "2014.08.09"]
[Round "7.15"]
[WhiteID "310204"]
[White "Movsesian Sergei"]
[BlackID "738590"]
[Black "Rapport Richard"]
[Result "1/2-1/2"]
[LiveChessVersion "1.4.3"]
[BlackElo "2704"]
[WhiteElo "2672"]

1. e4 {[%clk 1:30:56]} e6 {[%clk 1:30:38]} 2. d4 {[%clk 1:31:21]} d5
{[%clk 1:31:04]} 3. Nd2 {[%clk 1:31:39]} Nc6 {[%clk 1:30:53]} 4. Ngf3
{[%clk 1:31:38]} Nf6 {[%clk 1:31:07]} 5. e5 {[%clk 1:31:06]} Nd7 {[%clk 1:31:32]}
6. Bd3 {[%clk 1:26:17]} f6 {[%clk 1:31:34]} 7. exf6 {[%clk 1:22:33]} Qxf6
{[%clk 1:31:53]} 8. Nb3 {[%clk 1:18:57]} Bd6 {[%clk 1:07:51]} 9. Ng5
{[%clk 1:12:19]} g6 {[%clk 1:05:38]} 10. O-O {[%clk 1:11:59]} O-O
{[%clk 0:49:37]} 11. c4 {[%clk 1:03:56]} a5 {[%clk 0:43:12]} 12. a4
{[%clk 0:55:03]} Nb4 {[%clk 0:38:16]} 13. Be2 {[%clk 0:54:12]} dxc4
{[%clk 0:29:38]} 14. Bxc4 {[%clk 0:53:38]} Nb6 {[%clk 0:30:01]} 15. Be2
{[%clk 0:53:29]} N6d5 {[%clk 0:28:49]} 16. Bf3 {[%clk 0:47:36]} b6
{[%clk 0:27:20]} 17. Re1 {[%clk 0:35:41]} Bd7 {[%clk 0:27:01]} 18. Ne4
{[%clk 0:34:16]} Qg7 {[%clk 0:27:01]} 19. Bg4 {[%clk 0:31:07]} Rae8
{[%clk 0:26:19]} 20. Bg5 {[%clk 0:25:39]} h6 {[%clk 0:21:03]} 21. Bh4
{[%clk 0:26:05]} Bf4 {[%clk 0:20:57]} 22. Bg3 {[%clk 0:23:04]} Bc6
{[%clk 0:17:27]} 23. Bf3 {[%clk 0:17:39]} Kh8 {[%clk 0:17:25]} 24. Nc1
{[%clk 0:15:36]} Rd8 {[%clk 0:15:45]} 25. Qb3 {[%clk 0:05:19]} Bxg3
{[%clk 0:13:41]} 26. hxg3 {[%clk 0:04:01]} Qxd4 {[%clk 0:13:29]} 27. Rd1
{[%clk 0:02:46]} Qe5 {[%clk 0:09:42]} 28. Ne2 {[%clk 0:02:53]} Nf6
{[%clk 0:08:05]} 29. Nxf6 {[%clk 0:02:20]} Rxd1+ {[%clk 0:07:02]} 30. Rxd1
{[%clk 0:02:44]} Qxf6 {[%clk 0:07:29]} 31. Qe3 {[%clk 0:02:45]} g5
{[%clk 0:05:41]} 32. Bxc6 {[%clk 0:02:06]} Nxc6 {[%clk 0:06:06]} 33. Rd7
{[%clk 0:01:53]} Ne5 {[%clk 0:04:38]} 34. Rxc7 {[%clk 0:01:51]} Ng4
{[%clk 0:05:03]} 35. Qxb6 {[%clk 0:01:01]} Qe5 {[%clk 0:00:33]} 36. Rc2
{[%clk 0:00:35]} Nxf2 {[%clk 0:00:33]} 37. Qd4 {[%clk 0:00:47]} Qxd4
{[%clk 0:00:33]} 38. Nxd4 {[%clk 0:01:13]} Ng4 {[%clk 0:00:37]} 39. Nxe6
{[%clk 0:01:01]} Re8 {[%clk 0:00:45]} 40. Rc6 {[%clk 0:00:39]} Rb8
{[%clk 0:00:32]} 41. Rc4 {[%clk 0:29:09]} Ne3 {[%clk 0:26:00]} 42. Re4
{[%clk 0:24:40]} Nd1 {[%clk 0:26:00]} 43. Re5 {[%clk 0:24:19]} Rxb2
{[%clk 0:25:55]} 44. Rxa5 {[%clk 0:19:37]} Re2 {[%clk 0:24:43]} 45. Nd4
{[%clk 0:16:42]} Re1+ {[%clk 0:24:54]} 46. Kh2 {[%clk 0:17:10]} Nf2
{[%clk 0:18:40]} 47. g4 {[%clk 0:17:13]} Nxg4+ {[%clk 0:19:03]} 48. Kg3
{[%clk 0:17:26]} 1/2-1/2

[Event "WCO2014"]
[Site "Tromso"]
[Date "2014.08.09"]
[Round "7.39"]
[WhiteID "13600966"]
[White "Mchedlishvili Mikheil"]
[BlackID "605506"]
[Black "Bacrot Etienne"]
[Result "0-1"]
[LiveChessVersion "1.4.3"]
[BlackElo "2720"]
[WhiteElo "2618"]

1. d4 {[%clk 1:30:55]} Nf6 {[%clk 1:30:55]} 2. c4 {[%clk 1:31:03]} g6
{[%clk 1:31:09]} 3. Nc3 {[%clk 1:30:43]} Bg7 {[%clk 1:31:32]} 4. e4
{[%clk 1:30:42]} d6 {[%clk 1:31:56]} 5. f3 {[%clk 1:30:43]} O-O {[%clk 1:31:09]}
6. Be3 {[%clk 1:30:46]} c5 {[%clk 1:31:14]} 7. dxc5 {[%clk 1:29:48]} dxc5
{[%clk 1:31:14]} 8. Qxd8 {[%clk 1:29:37]} Rxd8 {[%clk 1:31:37]} 9. Bxc5
{[%clk 1:29:50]} Nc6 {[%clk 1:30:54]} 10. Nge2 {[%clk 1:29:25]} b6
{[%clk 1:30:45]} 11. Ba3 {[%clk 1:28:55]} Bb7 {[%clk 1:29:57]} 12. Rd1
{[%clk 1:25:33]} Nd7 {[%clk 1:06:57]} 13. Nd5 {[%clk 1:10:38]} Nde5
{[%clk 1:00:23]} 14. Nec3 {[%clk 1:00:29]} e6 {[%clk 0:56:16]} 15. Ne7+
{[%clk 0:35:30]} Nxe7 {[%clk 0:55:53]} 16. Bxe7 {[%clk 0:35:30]} Rdc8
{[%clk 0:51:15]} 17. c5 {[%clk 0:30:29]} bxc5 {[%clk 0:48:59]} 18. Be2
{[%clk 0:30:16]} c4 {[%clk 0:48:03]} 19. Bd6 {[%clk 0:25:58]} Rc6
{[%clk 0:37:49]} 20. Ba3 {[%clk 0:18:53]} Ba6 {[%clk 0:34:53]} 21. f4
{[%clk 0:17:40]} Nd3+ {[%clk 0:34:52]} 22. Bxd3 {[%clk 0:18:04]} Bxc3+
{[%clk 0:28:55]} 23. bxc3 {[%clk 0:18:26]} cxd3 {[%clk 0:29:22]} 24. Kd2
{[%clk 0:16:24]} Rc4 {[%clk 0:26:31]} 25. Bd6 {[%clk 0:16:28]} Rxe4
{[%clk 0:26:26]} 26. Rhe1 {[%clk 0:16:32]} Ra4 {[%clk 0:24:04]} 27. a3
{[%clk 0:16:30]} Rd8 {[%clk 0:22:34]} 28. Bb4 {[%clk 0:16:13]} Bc4
{[%clk 0:14:32]} 29. Rb1 {[%clk 0:15:31]} f5 {[%clk 0:10:33]} 30. Be7
{[%clk 0:11:15]} Re8 {[%clk 0:09:28]} 31. Bd6 {[%clk 0:11:02]} Ra6
{[%clk 0:09:06]} 32. Bb4 {[%clk 0:10:16]} Rc8 {[%clk 0:04:18]} 33. Rb2
{[%clk 0:07:15]} Kf7 {[%clk 0:03:02]} 34. Re5 {[%clk 0:05:14]} Rb6
{[%clk 0:03:22]} 35. a4 {[%clk 0:04:59]} h6 {[%clk 0:03:20]} 36. Ke3
{[%clk 0:04:13]} g5 {[%clk 0:03:21]} 37. g3 {[%clk 0:04:04]} Ba6 {[%clk 0:02:58]}
38. Rd2 {[%clk 0:02:28]} Rbc6 {[%clk 0:02:36]} 39. Ra5 {[%clk 0:02:06]} R8c7
{[%clk 0:01:55]} 40. Rf2 {[%clk 0:01:31]} Kg6 {[%clk 0:01:30]} 41. h3
{[%clk 0:27:59]} Rd7 {[%clk 0:23:52]} 42. Kd2 {[%clk 0:26:54]} Rb7
{[%clk 0:15:58]} 43. Ke3 {[%clk 0:26:50]} Bc4 {[%clk 0:15:21]} 44. Rd2
{[%clk 0:21:09]} Rbc7 {[%clk 0:12:07]} 45. Kd4 {[%clk 0:20:03]} Rd7+
{[%clk 0:12:10]} 46. Ke3 {[%clk 0:20:12]} a6 {[%clk 0:12:11]} 47. Rc5
{[%clk 0:12:37]} Rxc5 {[%clk 0:11:10]} 48. Bxc5 {[%clk 0:13:04]} gxf4+
{[%clk 0:10:10]} 49. gxf4 {[%clk 0:11:30]} Kh5 {[%clk 0:10:38]} 50. Bf8
{[%clk 0:11:39]} a5 {[%clk 0:09:01]} 51. Rb2 {[%clk 0:10:38]} Ba6
{[%clk 0:02:47]} 52. Kd2 {[%clk 0:08:17]} Rd8 {[%clk 0:02:39]} 53. Rb6
{[%clk 0:08:08]} Bc4 {[%clk 0:02:56]} 54. Bg7 {[%clk 0:07:56]} Rg8
{[%clk 0:02:40]} 55. Rc6 {[%clk 0:06:00]} Bd5 {[%clk 0:01:37]} 56. Rc7
{[%clk 0:06:07]} Be4 {[%clk 0:02:06]} 57. c4 {[%clk 0:05:20]} Kh4
{[%clk 0:02:20]} 58. Bxh6 {[%clk 0:02:47]} Rg2+ {[%clk 0:02:36]} 59. Kc3
{[%clk 0:03:11]} Rc2+ {[%clk 0:01:34]} 60. Kb3 {[%clk 0:03:35]} Kxh3
{[%clk 0:01:02]} 61. Bg7 {[%clk 0:02:44]} Kg4 {[%clk 0:01:12]} 62. Re7
{[%clk 0:02:29]} Kf3 {[%clk 0:01:04]} 63. Bc3 {[%clk 0:01:28]} Rh2
{[%clk 0:01:14]} 64. Ka3 {[%clk 0:00:34]} Kxf4 {[%clk 0:00:46]} 65. Rxe6
{[%clk 0:00:56]} Ke3 {[%clk 0:00:48]} 66. c5 {[%clk 0:00:56]} d2 {[%clk 0:00:40]}
67. Rd6 {[%clk 0:01:10]} Bf3 {[%clk 0:00:56]} 68. c6 {[%clk 0:01:15]} Bxc6
{[%clk 0:01:17]} 69. Bxa5 {[%clk 0:00:34]} Bf3 {[%clk 0:01:15]} 0-1

[Event "WCO2014"]
[Site "Tromso"]
[Date "2014.08.09"]
[Round "7.9"]
[WhiteID "12100030"]
[White "Al-Modiahki Mohamad"]
[BlackID "5016690"]
[Black "Negi Parimarjan"]
[Result "1/2-1/2"]
[LiveChessVersion "1.4.3"]
[BlackElo "2645"]
[WhiteElo "2549"]

1. e4 {[%clk 1:30:57]} e5 {[%clk 1:30:33]} 2. Nf3 {[%clk 1:30:36]} Nc6
{[%clk 1:30:50]} 3. Bb5 {[%clk 1:30:37]} a6 {[%clk 1:30:11]} 4. Ba4
{[%clk 1:31:01]} Nf6 {[%clk 1:30:30]} 5. O-O {[%clk 1:31:24]} Be7
{[%clk 1:30:38]} 6. Re1 {[%clk 1:31:31]} b5 {[%clk 1:30:22]} 7. Bb3
{[%clk 1:31:56]} O-O {[%clk 1:30:37]} 8. h3 {[%clk 1:27:18]} Bb7 {[%clk 1:29:38]}
9. d3 {[%clk 1:27:34]} d5 {[%clk 1:29:17]} 10. exd5 {[%clk 1:27:52]} Nxd5
{[%clk 1:29:39]} 11. Nbd2 {[%clk 1:28:10]} f6 {[%clk 1:25:28]} 12. a3
{[%clk 1:13:30]} Kh8 {[%clk 1:21:17]} 13. Ne4 {[%clk 1:09:57]} Na5
{[%clk 1:16:55]} 14. Ba2 {[%clk 1:08:35]} c5 {[%clk 1:17:10]} 15. c3
{[%clk 0:55:59]} c4 {[%clk 1:07:21]} 16. d4 {[%clk 0:54:02]} f5 {[%clk 0:36:08]}
17. Neg5 {[%clk 0:49:23]} e4 {[%clk 0:35:47]} 18. Ne6 {[%clk 0:49:12]} Qe8
{[%clk 0:35:31]} 19. Nxf8 {[%clk 0:46:07]} exf3 {[%clk 0:32:55]} 20. Ne6
{[%clk 0:45:38]} Qg6 {[%clk 0:31:20]} 21. Qxf3 {[%clk 0:14:06]} Bd6
{[%clk 0:31:45]} 22. Nc5 {[%clk 0:13:52]} Bc6 {[%clk 0:24:21]} 23. Re6
{[%clk 0:05:44]} Nf6 {[%clk 0:21:49]} 24. Qxc6 {[%clk 0:01:28]} Nxc6
{[%clk 0:18:53]} 25. Rxd6 {[%clk 0:01:57]} Nd8 {[%clk 0:18:55]} 26. Bf4
{[%clk 0:01:40]} Nf7 {[%clk 0:19:18]} 27. Re6 {[%clk 0:01:53]} Ng5
{[%clk 0:19:24]} 28. Bxg5 {[%clk 0:01:31]} Qxg5 {[%clk 0:19:52]} 29. Rae1
{[%clk 0:01:50]} h6 {[%clk 0:20:02]} 30. R6e5 {[%clk 0:01:58]} Qd2
{[%clk 0:14:13]} 31. R5e2 {[%clk 0:02:21]} Qg5 {[%clk 0:13:25]} 32. Re5
{[%clk 0:02:30]} Qd2 {[%clk 0:13:32]} 33. R5e2 {[%clk 0:02:55]} Qg5
{[%clk 0:13:49]} 34. Re5 {[%clk 0:01:04]} 1/2-1/2